|
|
|
|
| LEADER |
00000nab a2200000ua 4500 |
| 001 |
vtls010799147 |
| 003 |
SK-MaSNL |
| 005 |
20260303135022.0 |
| 008 |
230218s1970 xo |||||||||||||||||slo| |
| 035 |
|
|
|a (urnnbn)urn:nbn:sk:snk:ar-002pan
|
| 035 |
|
|
|a (uuid)adc4a00c-e371-4d8b-8589-8c54ffe83bcf
|
| 035 |
|
|
|a urn:nbn:sk:snk-ab4160
|
| 040 |
|
|
|a SNKBUCL
|b slo
|c SNKBUCL
|e AACR2
|
| 041 |
0 |
|
|a slo
|
| 044 |
|
|
|a xo
|c SK
|
| 100 |
1 |
|
|a Polakovič, Anton
|4 aut
|9 446191
|
| 245 |
1 |
0 |
|a DEFORMÁCIA MONOKRYŠTÁLOV KADMIA VYSOKÝMI RÝCHLOSŤAMI
|c Anton Polakovič, Augustín Schweighofer
|
| 700 |
1 |
|
|a Augustín, Schweighofer
|4 aut
|9 1156050
|
| 773 |
0 |
|
|t Kovové materiály
|g Roč. 8, č. 4 (1970), s. 389-401
|
| 954 |
|
|
|a odborná, vedecká literatúra pôvodná (slovenská)
|2 lita
|
| 958 |
|
|
|a OND
|
| 958 |
|
|
|a EUIPO
|
| 958 |
|
|
|a article3
|
| 999 |
|
|
|c 1963224
|d 1965154
|